000 00728cam a2200253 i 4500
001 000005941
003 DO-SdBNP
005 20260318095120.0
007 ta
008 820315s1941 ag 001 0 spa d
040 _aDO-SdBNP
_bspa
_cBNPHU
_erda
041 _aspa
082 4 _a306
_bR161c
_222
100 1 _aRaitzin, Alejandro,
_d1892-
_eautor
_4aut.
_916741
245 1 0 _aCultura, caracter, conducta /
_cAlejandro Raitzin.
264 1 _aBuenos Aires :
_bJoaquín Gil,
_c1941.
300 _a253 páginas ;
_c21 cm.
336 _atexto
_btxt
_2rdacontent
337 _asin mediación
_bn
_2rdamedia
338 _avolumen
_bnc
_2rdacarrier
650 7 _aCultura
_2LIBRUNAM
_989224
650 4 _aCaracter
_97510
942 _2ddc
_cLBS1
999 _c5737
_d5737